01349nam a22001817a 450000500170000000800410001702000180005804000070007604100080008308200210009110000190011224500270013126000370015830000280019536500620022352008470028565000350113220220119115305.0220119b ||||| |||| 00| 0 eng d a9780143429364 cAL aeng 223a820.33bSINW aRavinder Singh aWill you still love me aIndiabPenguin Metro readsc2018 a260p.bPBc19.3X12.3cm. 2Generala4477b₹155.22c₹d₹199.00e22%f18-12-2021 aLavanya Gogoi is from the scenic hills of Shillong while Rajveer Saini belongs to the shahi city of Patiala. Worlds apart from one another, the two land up next to each other on a flight from Mumbai to Chandigarh. It’s love at first flight, at least for one of them. For the other . . . well, it’s going to take more than a plane ride! And when love does finally happen, there are more obstacles to overcome. Rajveer has to stand up against his own if he and Lavanya are to be together. However, life has other plans. Things go horribly wrong and Rajveer now has to fight a different battle-one in which he is the devil as well as the deliverer. His love for Lavanya will be put to the ultimate test. And there are no guarantees. Will You Still Love Me? is deeply moving, disturbingly close to reality, and love at its worst and its best. 2LiteratureaEnglish Literature